Countries Where Homeschooling is Illegal - Statistics

General Stats
  • This quiz has been taken 441 times
    204 since last reset
  • The average score is 16 of 33
Answer Stats
Name of Country % Correct
Germany
71%
Spain
65%
Sweden
64%
North Korea
61%
Albania
59%
Greece
59%
Romania
59%
Bulgaria
58%
Croatia
58%
Turkey
58%
Belarus
57%
Slovakia
57%
Brazil
56%
Bosnia & Herzegovina
54%
Netherlands
54%
Andorra
53%
Moldova
51%
North Macedonia
48%
Lithuania
47%
Montenegro
46%
Cuba
45%
Armenia
44%
Azerbaijan
44%
Liechtenstein
44%
San Marino
44%
Malta
42%
Cyprus
41%
Georgia
41%
Peru
39%
Guatemala
29%
Costa Rica
28%
El Salvador
24%
Sierra Leone
7%
No matching quizzes found
Score Distribution
Percent of People with Each Score
Percentile by Number Answered
Your Score History
You have not taken this quiz since the last reset